00465 2200193 4500001002100000005001500021008004100036020001800077035001900095041000700114082001000121090001600131100001800147245004700165250000600212260000900218300002700227650001700254INLIS00000000000262720241224112555241224||||||||| | ||| |||| || |  a979-533-625-8 0010-1224002627 aid0 a658.8 a658.8 PHI m0 aPhilip Kotler00aManajemen Pemasaran Perspektif Asia Buku 1 a1 bandi axii+386 hlm;20 x 28 cm 0aIlmu Terapan